01738nam a2200325 i 4500003000900000005001700009008004100026040004600067041000800113082002800121092000700149099003600156100004800192245025700240264006600497300003000563336002200593337002400615338003300639504010800672546004100780650013500821651001000956856005700966905000701023942001901030999001701049952017301066952017301239EG-GICUC20260121101532.0251222s2008    ua ||||fr|||| 00| 0 ara d  a EG-GICUCbarac EG-GICUCd EG-GICUCerda0 aara04221a345.456bا ل . ض04221  aLaw1 07	345.456 ا ل . ض 20080 aالطيب حسين محمودeمؤلف.12aالضمانات القانونية فى محاسبة العاملين بالخدمة العامة :bدراسة مقارنة فى القانون السودانى والإنجليزى والمصرى والفرنسى /cالطيب حسين محمود. 1aالقاهرة :bدار النهضة العربية،c2008.  a604 ؛ صفحةc24 سم.  2rda contentatext  2rda mediaaComputer  2rda carrieraOnline Resource  aيحتوي على ارجاعات ببليوجرافية
يحتوي على قائمة بالمراجع  aالنص باللغة العربية14aاجراءات وضمانات تأديب العاملين المدنين بالدولة xالقانون الإداري2qrmak1 2qrmak40uhttps://fll.law.cu.edu.eg/fulltext/bks/B07-01689.pdf  a75  2ddccBKe21n0  c52144d52144  00102ddc40708القانون الإداريaCUbLAW1d2025-12-22l0oLaw1 07	345.456 ا ل . ض 2008 0701689	C2pB07-01689r2025-12-22 14:10:00t2w2025-12-22yBK  00102ddc40718القانون الإداريaCUbLAW1d2025-12-22l0oLaw1 07	345.456 ا ل . ض 2008 0701688	C1pB07-01688r2025-12-22 14:11:00t1w2025-12-22yBK